000 00715nam a2200229Ia 4500
003 OSt
005 20220926013448.0
006 a|||||r|||| 00| 0
007 ta
008 220923b |||||||| |||| 00| 0 eng d
037 _cGeneral Book
040 _aRTL
_cRTL
_beng
041 _2eng
_aeng
082 _aX755-65291:(Z,3), K6.39-1
110 _aInternational Development Association etc
_9318391
245 0 _aJoint financing agreement
_b Food-grain storage pro
260 _aNew York
_bIDA USA
_c1973
650 _aForeign Loan
700 _aInternational Development Association etc
_9318392
942 _hX755-65291:(Z,3), K6.39-1
_cGB
_2CC
999 _c626050
_d626050